[Event "HUN-chT2 Toth 1819"]
[Site "Hungary"]
[Date "2019.04.28"]
[Round "11.3"]
[White "Mohacsi, Imre"]
[Black "Csuri, Laszlo"]
[Result "1/2-1/2"]
[WhiteElo "1957"]
[BlackElo "2015"]
[PlyCount "36"]
[EventDate "2018.09.23"]
[EventType "team-tourn"]
[EventRounds "11"]
[EventCountry "HUN"]
[SourceTitle "EXT 2021"]
[Source "ChessBase"]
[SourceDate "2020.10.23"]
[SourceVersion "1"]
[SourceVersionDate "2020.10.23"]
[SourceQuality "1"]
[WhiteTeam "Karcag"]
[BlackTeam "Szentes Integral"]
[WhiteTeamCountry "HUN"]
[BlackTeamCountry "HUN"]

1. e4 c5 2. Nf3 Nc6 3. d4 cxd4 4. Nxd4 Nf6 5. Nc3 e5 6. Ndb5 d6 7. Nd5 Nxd5 8. exd5 Nb8 9. c4 Be7 10. Be2 0-0 11. 0-0 a6 12. Nc3 f5 13. f4 Nd7 14. Kh1 exf4 15. Bxf4 g5 16. Be3 f4 17. Bd4 Ne5 18. c5 Ng6 1/2-1/2

[Event "HUN-chT2 Toth 1819"]
[Site "Hungary"]
[Date "2019.03.31"]
[Round "10.8"]
[White "Mohacsi, Imre"]
[Black "Nagy, Gabor2"]
[Result "1-0"]
[WhiteElo "1957"]
[BlackElo "1824"]
[PlyCount "97"]
[EventDate "2018.09.23"]
[EventType "team-tourn"]
[EventRounds "11"]
[EventCountry "HUN"]
[SourceTitle "EXT 2021"]
[Source "ChessBase"]
[SourceDate "2020.10.23"]
[SourceVersion "1"]
[SourceVersionDate "2020.10.23"]
[SourceQuality "1"]
[WhiteTeam "Karcag"]
[BlackTeam "Bekes"]
[WhiteTeamCountry "HUN"]
[BlackTeamCountry "HUN"]

1. e4 c5 2. Nf3 Nc6 3. d4 cxd4 4. Nxd4 g6 5. Nc3 Bg7 6. Be3 Nf6 7. Bc4 0-0 8. Bb3 Ng4 9. Qxg4 Nxd4 10. Qd1 Nxb3 11. axb3 a6 12. Bd4 d6 13. Bxg7 Kxg7 14. Qd4+ Kg8 15. 0-0 Be6 16. f4 f5 17. e5 dxe5 18. Qxe5 Rf6 19. Rfe1 Qb6+ 20. Kh1 Rd8 21. Rad1 Rxd1 22. Rxd1 Qc6 23. h3 Kf7 24. Rd8 Kg7 25. Rb8 h6 26. Kh2 g5 27. Ne2 Qe4 28. Ng3 Qxe5 29. fxe5 Rf7 30. Rxb7 f4 31. Ne2 f3 32. gxf3 Bd5 33. Ra7 Rxf3 34. Nd4 Rf2+ 35. Kg1 Rf4 36. c3 Kf7 37. Rxa6 e6 38. Ra7+ Kg6 39. Ra6 Kf7 40. Ra7+ Kg6 41. Re7 Re4 42. Nxe6 Bxb3 43. Nc5 Re2 44. Nxb3 Rxb2 45. Nd4 Kh5 46. Rf7 Kh4 47. Rf3 g4 48. hxg4 Kxg4 49. e6 1-0

[Event "HUN-chT2 Toth 1819"]
[Site "Hungary"]
[Date "2019.02.24"]
[Round "8.9"]
[White "Gomori, Mihaly"]
[Black "Mohacsi, Imre"]
[Result "1-0"]
[WhiteElo "1853"]
[BlackElo "1957"]
[PlyCount "93"]
[EventDate "2018.09.23"]
[EventType "team-tourn"]
[EventRounds "11"]
[EventCountry "HUN"]
[SourceTitle "EXT 2021"]
[Source "ChessBase"]
[SourceDate "2020.10.23"]
[SourceVersion "1"]
[SourceVersionDate "2020.10.23"]
[SourceQuality "1"]
[WhiteTeam "Kecskemet Takisz"]
[BlackTeam "Karcag"]
[WhiteTeamCountry "HUN"]
[BlackTeamCountry "HUN"]

1. e4 c5 2. Nf3 d6 3. d4 cxd4 4. Nxd4 Nf6 5. Nc3 g6 6. Bd3 Bg7 7. 0-0 0-0 8. Be3 Nc6 9. Nxc6 bxc6 10. Qd2 Ng4 11. Nd1 Nxe3 12. Qxe3 Qa5 13. c3 Rb8 14. b4 Qa4 15. Qd2 Be6 16. f4 f5 17. Ne3 fxe4 18. Bxe4 d5 19. Bc2 Qa6 20. f5 Bf7 21. fxg6 hxg6 22. Ng4 Qb6+ 23. Kh1 c5 24. Nh6+ Kh7 25. Nxf7 cxb4 26. Qxd5 Qb5 27. Ng5+ Kh6 28. Qxb5 Rxb5 29. Rxf8 Bxf8 30. Ne6 Bg7 31. Nxg7 Kxg7 32. c4 Re5 33. Kg1 Re2 34. Rc1 Kf6 35. Kf1 Rd2 36. Bb3 Rd7 37. c5 Rc7 38. c6 Ke5 39. Re1+ Kd4 40. Rd1+ Kc3 41. Ba4 Kb2 42. Rd7 Rc8 43. Rb7 Ka3 44. Rxa7 Kxa2 45. c7 Rf8+ 46. Ke2 Kb2 47. Bd7 1-0

[Event "HUN-chT2 Toth 1819"]
[Site "Hungary"]
[Date "2019.02.10"]
[Round "7.7"]
[White "Mohacsi, Imre"]
[Black "Sonkoly, Laszlo"]
[Result "1/2-1/2"]
[WhiteElo "1957"]
[BlackElo "1993"]
[PlyCount "107"]
[EventDate "2018.09.23"]
[EventType "team-tourn"]
[EventRounds "11"]
[EventCountry "HUN"]
[SourceTitle "EXT 2021"]
[Source "ChessBase"]
[SourceDate "2020.10.23"]
[SourceVersion "1"]
[SourceVersionDate "2020.10.23"]
[SourceQuality "1"]
[WhiteTeam "Karcag"]
[BlackTeam "Szeged Meritum"]
[WhiteTeamCountry "HUN"]
[BlackTeamCountry "HUN"]

1. e4 c5 2. Nf3 e6 3. d4 cxd4 4. Nxd4 a6 5. Bd3 Qc7 6. 0-0 Bc5 7. Nb3 Be7 8. Nc3 Nf6 9. Re1 d6 10. Be3 Nbd7 11. f4 0-0 12. Qf3 b6 13. Rad1 Bb7 14. Qh3 Rfe8 15. Bf2 b5 16. a3 Rad8 17. g4 Nf8 18. Nd4 g6 19. Nf3 e5 20. f5 d5 21. exd5 Nxd5 22. Nxd5 Rxd5 23. Nd2 Bc5 24. Ne4 Bxf2+ 25. Kxf2 Qb6+ 26. Qe3 Qc6 27. g5 gxf5 28. Nf6+ Kh8 29. Nxe8 Rxd3 30. Qxe5+ f6 31. Qxf6+ Qxf6 32. gxf6 Rf3+ 33. Ke2 Rh3 34. Nd6 Bf3+ 35. Kd2 Rxh2+ 36. Kc1 Bxd1 37. Kxd1 Rh6 38. Nxf5 Rxf6 39. Ng3 Rd6+ 40. Kc1 Re6 41. Rf1 Kg8 42. Kd2 Nd7 43. Kd3 Nf6 44. Rf5 Kg7 45. c4 bxc4+ 46. Kxc4 Kg6 47. b4 h5 48. Rf3 Re5 49. a4 h4 50. Nf1 Rf5 51. Rxf5 Kxf5 52. b5 axb5+ 53. axb5 Nd7 54. Kd3 1/2-1/2

[Event "HUN-chT2 Toth 1819"]
[Site "Hungary"]
[Date "2018.12.02"]
[Round "5.6"]
[White "Mohacsi, Imre"]
[Black "Solymosi, Ferenc"]
[Result "1-0"]
[WhiteElo "1957"]
[BlackElo "1955"]
[PlyCount "63"]
[EventDate "2018.09.23"]
[EventType "team-tourn"]
[EventRounds "11"]
[EventCountry "HUN"]
[SourceTitle "EXT 2021"]
[Source "ChessBase"]
[SourceDate "2020.10.23"]
[SourceVersion "1"]
[SourceVersionDate "2020.10.23"]
[SourceQuality "1"]
[WhiteTeam "Karcag"]
[BlackTeam "Gyula"]
[WhiteTeamCountry "HUN"]
[BlackTeamCountry "HUN"]

1. e4 c5 2. Nf3 g6 3. d4 Bg7 4. Nc3 Qa5 5. Be3 Nf6 6. Qd2 d6 7. h3 0-0 8. 0-0-0 a6 9. Kb1 Nc6 10. d5 Na7 11. Qe1 Nb5 12. Bd2 Qb6 13. Na4 Qc7 14. c4 Nd4 15. Nc3 b5 16. Bd3 Nd7 17. Qf1 bxc4 18. Bxc4 Rb8 19. Nxd4 cxd4 20. Na4 Nb6 21. Nxb6 Qxb6 22. b3 a5 23. Qd3 Bd7 24. Bc1 Rfc8 25. Bb2 Qb4 26. Rc1 Bb5 27. Bxb5 Rxc1+ 28. Rxc1 Rxb5 29. Rc8+ Bf8 30. Bxd4 Rb7 31. Bc3 Qb6 32. Qd2 1-0

[Event "HUN-chT2 Toth 1617"]
[Site "Hungary"]
[Date "2017.02.12"]
[Round "8.9"]
[White "Deakne Baranyai, Aniko"]
[Black "Mohacsi, Imre"]
[Result "1/2-1/2"]
[WhiteElo "1547"]
[BlackElo "1959"]
[PlyCount "65"]
[EventDate "2016.09.25"]
[EventType "team-tourn"]
[EventRounds "11"]
[EventCountry "HUN"]
[SourceTitle "EXT 2021"]
[Source "ChessBase"]
[SourceDate "2020.10.23"]
[SourceVersion "1"]
[SourceVersionDate "2020.10.23"]
[SourceQuality "1"]
[WhiteTeam "Nadudvar"]
[BlackTeam "Karcag"]
[WhiteTeamCountry "HUN"]
[BlackTeamCountry "HUN"]

1. d4 Nf6 2. Nf3 d5 3. Bg5 Ne4 4. Bf4 Bf5 5. e3 e6 6. Be2 Bd6 7. Bxd6 Qxd6 8. c3 Nd7 9. Nbd2 0-0 10. 0-0 c5 11. Nh4 cxd4 12. Nxf5 exf5 13. exd4 Rfe8 14. Bd3 Re6 15. f3 Rh6 16. f4 Re8 17. Bb5 Ree6 18. Bxd7 Qxd7 19. Nxe4 fxe4 20. f5 Rb6 21. Rb1 Qc7 22. g3 Qc4 23. a3 e3 24. Re1 Rhf6 25. Rxe3 h6 26. Re8+ Kh7 27. g4 h5 28. g5 Rxf5 29. Qxh5+ Rh6 30. Qg4 Rxg5 31. Qxg5 Rg6 32. Qxg6+ Kxg6 33. Rbe1 1/2-1/2

[Event "HUN-chT2 Toth 1617"]
[Site "Hungary"]
[Date "2016.11.27"]
[Round "5.9"]
[White "Mohacsi, Imre"]
[Black "Blazsik, Zoltan"]
[Result "1-0"]
[WhiteElo "1959"]
[BlackElo "1821"]
[PlyCount "103"]
[EventDate "2016.09.25"]
[EventType "team-tourn"]
[EventRounds "11"]
[EventCountry "HUN"]
[SourceTitle "EXT 2021"]
[Source "ChessBase"]
[SourceDate "2020.10.23"]
[SourceVersion "1"]
[SourceVersionDate "2020.10.23"]
[SourceQuality "1"]
[WhiteTeam "Karcag"]
[BlackTeam "Szeged Maroczy II"]
[WhiteTeamCountry "HUN"]
[BlackTeamCountry "HUN"]

1. e4 e6 2. c4 c5 3. Nc3 d6 4. Nf3 Nc6 5. d4 cxd4 6. Nxd4 Nxd4 7. Qxd4 Be7 8. Be3 Nf6 9. Be2 0-0 10. 0-0 e5 11. Qd3 Ng4 12. Bd2 Be6 13. h3 Nf6 14. b3 Rc8 15. Rad1 a6 16. Be3 Qa5 17. a4 Nd7 18. g4 Nc5 19. Qc2 Rfd8 20. Rb1 Qc7 21. f4 exf4 22. Bxf4 Bf6 23. Nd5 Bxd5 24. exd5 Bd4+ 25. Kg2 Re8 26. Bf3 Be3 27. Bg3 Re7 28. Rbe1 Rce8 29. b4 Nd7 30. c5 Nxc5 31. bxc5 Bxc5 32. Rxe7 Rxe7 33. Rc1 Qd7 34. Bf2 b6 35. a5 bxa5 36. Bxc5 dxc5 37. Qxc5 g6 38. Qc8+ Kg7 39. Qxd7 Rxd7 40. Rc6 Ra7 41. Bd1 Rd7 42. Bb3 a4 43. Bc4 Kf8 44. Rxa6 Ke7 45. Rxa4 Kd6 46. Ra6+ Kc5 47. Ba2 h5 48. gxh5 gxh5 49. Kg3 Re7 50. Kf4 Re2 51. d6 Kd4 52. d7 1-0

[Event "HUN-chT2 Toth 1617"]
[Site "Hungary"]
[Date "2016.10.30"]
[Round "3.10"]
[White "Mohacsi, Imre"]
[Black "Perdi, Zsombor"]
[Result "1-0"]
[WhiteElo "1959"]
[BlackElo "1761"]
[PlyCount "93"]
[EventDate "2016.09.25"]
[EventType "team-tourn"]
[EventRounds "11"]
[EventCountry "HUN"]
[SourceTitle "EXT 2021"]
[Source "ChessBase"]
[SourceDate "2020.10.23"]
[SourceVersion "1"]
[SourceVersionDate "2020.10.23"]
[SourceQuality "1"]
[WhiteTeam "Karcag"]
[BlackTeam "Bekes"]
[WhiteTeamCountry "HUN"]
[BlackTeamCountry "HUN"]

1. e4 b6 2. d4 e6 3. Nf3 Bb7 4. Bd3 Nf6 5. Qe2 Be7 6. 0-0 0-0 7. c4 d5 8. Nc3 c5 9. cxd5 exd5 10. e5 Nfd7 11. Re1 cxd4 12. Nxd4 Nc5 13. Bc2 Nc6 14. Nf5 d4 15. Rd1 Ba6 16. Qg4 Ne6 17. Be4 Bb7 18. Qg3 Kh8 19. Bxc6 Bxc6 20. Rxd4 Qc7 21. Rg4 g6 22. Nxe7 Qxe7 23. Be3 h5 24. Rh4 Ng7 25. Bg5 Qe6 26. Bf6 Kh7 27. Bxg7 Kxg7 28. Rxh5 Rad8 29. Qg5 Rh8 30. Rxh8 Rxh8 31. Rd1 Rh5 32. Qf6+ Qxf6 33. exf6+ Kh7 34. Rd6 Rc5 35. h4 b5 36. Ne2 Bd5 37. b4 Rc2 38. Rxd5 Rxe2 39. Rxb5 Rxa2 40. Rb7 Kg8 41. Rb8+ Kh7 42. Rf8 Ra4 43. Rxf7+ Kh8 44. Rb7 a5 45. bxa5 Rxa5 46. Rb8+ Kh7 47. f7 1-0

[Event "HUN-chT2 Toth 1617"]
[Site "Hungary"]
[Date "2016.09.25"]
[Round "1.10"]
[White "Mohacsi, Imre"]
[Black "Merena, Laszlo"]
[Result "0-1"]
[WhiteElo "1959"]
[BlackElo "1901"]
[PlyCount "63"]
[EventDate "2016.09.25"]
[EventType "team-tourn"]
[EventRounds "11"]
[EventCountry "HUN"]
[SourceTitle "EXT 2021"]
[Source "ChessBase"]
[SourceDate "2020.10.23"]
[SourceVersion "1"]
[SourceVersionDate "2020.10.23"]
[SourceQuality "1"]
[WhiteTeam "Karcag"]
[BlackTeam "Ujszasz"]
[WhiteTeamCountry "HUN"]
[BlackTeamCountry "HUN"]

1. e4 e6 2. d4 d5 3. Nc3 Nf6 4. Bg5 Be7 5. e5 Nfd7 6. Bxe7 Qxe7 7. Qg4 f5 8. exf6 Nxf6 9. Qg3 a6 10. 0-0-0 0-0 11. Bd3 c5 12. dxc5 Qxc5 13. Nf3 Nc6 14. Rhe1 Bd7 15. Ng5 Rae8 16. f4 Nb4 17. a3 Nxd3+ 18. Rxd3 h6 19. Nh3 Re7 20. Rde3 Qc7 21. Re5 Ref7 22. Qg6 Nh7 23. Ne2 Rf6 24. Qd3 Rc8 25. Nd4 Nf8 26. g4 Ng6 27. R5e3 Nxf4 28. Nxf4 Qxf4 29. Kb1 Rcf8 30. h3 Qd6 31. Qe2 Re8 32. Nf3 0-1

[Event "HUN-chT2 Toth 1516"]
[Site "Hungary"]
[Date "2016.03.20"]
[Round "9.8"]
[White "Monus, Zoltan"]
[Black "Mohacsi, Imre"]
[Result "1-0"]
[WhiteElo "2030"]
[BlackElo "1926"]
[PlyCount "55"]
[EventDate "2015.09.13"]
[EventType "team-tourn"]
[EventRounds "11"]
[EventCountry "HUN"]
[SourceTitle "EXT 2017"]
[Source "ChessBase"]
[SourceDate "2016.10.25"]
[SourceVersion "1"]
[SourceVersionDate "2016.10.25"]
[SourceQuality "1"]
[WhiteTeam "Oroshaza"]
[BlackTeam "Karcag"]
[WhiteTeamCountry "HUN"]
[BlackTeamCountry "HUN"]

1. e4 c5 2. Nf3 d6 3. c3 Nf6 4. Bd3 g6 5. 0-0 Bg7 6. h3 0-0 7. Re1 Nc6 8. Bf1 Bd7 9. d4 cxd4 10. cxd4 Rc8 11. Nc3 a6 12. e5 Ne8 13. Bg5 dxe5 14. dxe5 Be6 15. Qa4 h6 16. Rad1 Qb6 17. Qh4 Qxb2 18. Bxh6 f6 19. exf6 Nxf6 20. Rxe6 Qxc3 21. Bc4 Na5 22. Rxe7+ Rxc4 23. Rxg7+ Kh8 24. Bf4+ Kxg7 25. Qh6+ Kg8 26. Qxg6+ Kh8 27. Be5 Qc2 28. Bxf6+ 1-0

[Event "HUN-chT2 Toth 1415"]
[Site "Hungary"]
[Date "2015.03.01"]
[Round "9.9"]
[White "Balatoni, Gyorgy"]
[Black "Mohacsi, Imre"]
[Result "1/2-1/2"]
[WhiteElo "1791"]
[BlackElo "1966"]
[PlyCount "77"]
[EventDate "2014.09.07"]
[EventType "team-tourn"]
[EventRounds "11"]
[EventCountry "HUN"]
[SourceTitle "EXT 2016"]
[Source "ChessBase"]
[SourceDate "2015.10.08"]
[SourceVersion "1"]
[SourceVersionDate "2015.10.08"]
[SourceQuality "1"]
[WhiteTeam "Szentes"]
[BlackTeam "Karcag"]
[WhiteTeamCountry "HUN"]
[BlackTeamCountry "HUN"]

1. c4 c5 2. Nf3 Nf6 3. Nc3 g6 4. g3 Bg7 5. Bg2 0-0 6. 0-0 Nc6 7. d4 cxd4 8. Nxd4 a6 9. e4 Nxd4 10. Qxd4 Ng4 11. Qd3 Ne5 12. Qe2 d6 13. Bd2 Bd7 14. Rac1 Rc8 15. b3 Nc6 16. Be3 Qa5 17. Nd5 e6 18. Nb6 Rc7 19. Nxd7 Rxd7 20. a4 Nd4 21. Bxd4 Bxd4 22. Rfd1 e5 23. Qd3 Kg7 24. Rf1 Qc5 25. Rc2 f5 26. Re2 Rdf7 27. Bf3 b6 28. Qc2 Qc8 29. Kg2 f4 30. g4 Qd8 31. Rh1 Qh4 32. Ree1 h5 33. h3 Rh8 34. Qe2 Kf6 35. Reg1 Rfh7 36. Kf1 Kf7 37. Kg2 hxg4 38. Bxg4 Qf6 39. Qf3 1/2-1/2

[Event "HUN-chT2 Toth 1415"]
[Site "Hungary"]
[Date "2014.11.30"]
[Round "5.9"]
[White "Bartos, Ferenc"]
[Black "Mohacsi, Imre"]
[Result "0-1"]
[WhiteElo "1802"]
[BlackElo "1966"]
[PlyCount "58"]
[EventDate "2014.09.07"]
[EventType "team-tourn"]
[EventRounds "11"]
[EventCountry "HUN"]
[SourceTitle "EXT 2016"]
[Source "ChessBase"]
[SourceDate "2015.10.08"]
[SourceVersion "1"]
[SourceVersionDate "2015.10.08"]
[SourceQuality "1"]
[WhiteTeam "Roszke"]
[BlackTeam "Karcag"]
[WhiteTeamCountry "HUN"]
[BlackTeamCountry "HUN"]

1. e4 c5 2. Nc3 d6 3. f4 g6 4. Bc4 Bg7 5. Nf3 Nf6 6. d3 0-0 7. 0-0 Nc6 8. Qe2 a6 9. a3 Bg4 10. Be3 b5 11. Ba2 Nd4 12. Bxd4 cxd4 13. Nd1 Rc8 14. c4 dxc3 15. bxc3 Nh5 16. Qd2 Qa5 17. d4 Bh6 18. g3 e6 19. Qb2 Nf6 20. e5 dxe5 21. dxe5 Ne4 22. Rc1 Rfd8 23. Rc2 Bxf3 24. Rxf3 Rxd1+ 25. Kg2 Bf8 26. c4 bxc4 27. Qb7 Rd2+ 28. Kh3 Rxc2 29. Qxc8 Qd2 0-1

[Event "HUN-chT2 Toth 1415"]
[Site "Hungary"]
[Date "2014.11.16"]
[Round "4.9"]
[White "Mohacsi, Imre"]
[Black "Deak, Zoltan"]
[Result "1-0"]
[WhiteElo "1966"]
[BlackElo "1938"]
[PlyCount "95"]
[EventDate "2014.09.07"]
[EventType "team-tourn"]
[EventRounds "11"]
[EventCountry "HUN"]
[SourceTitle "EXT 2016"]
[Source "ChessBase"]
[SourceDate "2015.10.08"]
[SourceVersion "1"]
[SourceVersionDate "2015.10.08"]
[SourceQuality "1"]
[WhiteTeam "Karcag"]
[BlackTeam "Bekes"]
[WhiteTeamCountry "HUN"]
[BlackTeamCountry "HUN"]

1. e4 e6 2. d4 d5 3. Nc3 dxe4 4. Nxe4 Nf6 5. Bg5 Be7 6. Bxf6 Bxf6 7. Nf3 0-0 8. c3 b6 9. Bd3 Bb7 10. 0-0 Nd7 11. Qe2 Qe7 12. Rfe1 c5 13. Nxf6+ Nxf6 14. dxc5 Qxc5 15. Rad1 Rad8 16. Rd2 Qh5 17. Red1 Rd5 18. c4 Rc5 19. b4 Rcc8 20. Ne5 Qxe2 21. Bxe2 Ne4 22. Rc2 Rfd8 23. Rdc1 f6 24. Nd3 a5 25. a3 axb4 26. axb4 Ra8 27. f3 Ng5 28. c5 bxc5 29. Nxc5 Bd5 30. b5 Rab8 31. Na6 Rb6 32. Rc8 Rxc8 33. Rxc8+ Kf7 34. h4 Nxf3+ 35. gxf3 h6 36. Kf2 g5 37. hxg5 hxg5 38. Nc5 Ke7 39. Na4 Rb7 40. b6 Kd7 41. Rc3 Rb8 42. Bb5+ Kd6 43. Ke3 f5 44. Rc7 f4+ 45. Ke2 g4 46. fxg4 e5 47. Rd7+ Ke6 48. Nc5+ 1-0

[Event "HUN-chT2 Toth 1415"]
[Site "Hungary"]
[Date "2014.10.12"]
[Round "3.8"]
[White "Mohacsi, Imre"]
[Black "Varga, Laszlo"]
[Result "0-1"]
[WhiteElo "1966"]
[BlackElo "2166"]
[PlyCount "48"]
[EventDate "2014.09.07"]
[EventType "team-tourn"]
[EventRounds "11"]
[EventCountry "HUN"]
[SourceTitle "EXT 2016"]
[Source "ChessBase"]
[SourceDate "2015.10.08"]
[SourceVersion "1"]
[SourceVersionDate "2015.10.08"]
[SourceQuality "1"]
[WhiteTeam "Karcag"]
[BlackTeam "Ujszasz"]
[WhiteTeamCountry "HUN"]
[BlackTeamCountry "HUN"]

1. e4 e6 2. d4 d5 3. Nc3 Bb4 4. Bd2 dxe4 5. Qg4 Nf6 6. Qxg7 Rg8 7. Qh6 Rg6 8. Qh4 Qxd4 9. 0-0-0 Rg4 10. Qh3 Qxf2 11. Bb5+ c6 12. Rf1 Qxg2 13. Rxf6 cxb5 14. Qxg2 Rxg2 15. Nge2 Be7 16. Rh6 b4 17. Nb5 Rxe2 18. Rxh7 Na6 19. Rh8+ Kd7 20. Bf4 Bc5 21. Rd1+ Kc6 22. Nd6 Nc7 23. Nxc8 Nd5 24. Nxa7+ Rxa7 0-1

[Event "HUN-chT2 Toth 1415"]
[Site "Hungary"]
[Date "2014.09.07"]
[Round "1.10"]
[White "Tubak, Daniel"]
[Black "Mohacsi, Imre"]
[Result "1-0"]
[WhiteElo "1805"]
[BlackElo "1966"]
[PlyCount "139"]
[EventDate "2014.09.07"]
[EventType "team-tourn"]
[EventRounds "11"]
[EventCountry "HUN"]
[SourceTitle "EXT 2016"]
[Source "ChessBase"]
[SourceDate "2015.10.08"]
[SourceVersion "1"]
[SourceVersionDate "2015.10.08"]
[SourceQuality "1"]
[WhiteTeam "Maroczy II"]
[BlackTeam "Karcag"]
[WhiteTeamCountry "HUN"]
[BlackTeamCountry "HUN"]

1. e4 c5 2. Nf3 d6 3. d4 cxd4 4. Nxd4 Nf6 5. Nc3 g6 6. Be3 Bg7 7. f3 Nc6 8. Qd2 0-0 9. 0-0-0 d5 10. Kb1 Ne5 11. Nb3 a5 12. Nxd5 Nxd5 13. Qxd5 Qxd5 14. Rxd5 a4 15. Nc5 b6 16. Nd3 Nc4 17. Bd4 Bh6 18. Ne5 Nd2+ 19. Ka1 e6 20. Nc6 Re8 21. Rd6 Bf8 22. e5 Nxf1 23. Rxf1 Bxd6 24. exd6 b5 25. Ne5 Rd8 26. Bc5 Bb7 27. Ng4 Rac8 28. Nf6+ Kh8 29. Bd4 h5 30. d7 Rc6 31. Rd1 Ra6 32. Ne4+ Kh7 33. Bf6 Raa8 34. Bxd8 Rxd8 35. Nc5 Bd5 36. b3 axb3 37. axb3 Kg7 38. Kb2 Kf8 39. c4 bxc4 40. bxc4 Ba8 41. Rd6 Ke7 42. Rb6 g5 43. Kc3 g4 44. fxg4 hxg4 45. g3 Bf3 46. Kd4 Bg2 47. Ke5 Bf3 48. Ra6 Be2 49. Kd4 Bf3 50. Ke3 Bg2 51. Kf4 Rg8 52. Ra7 Bf3 53. Rc7 f6 54. d8Q+ Kxd8 55. Nxe6+ Ke8 56. Rc8+ Kf7 57. Rxg8 Kxg8 58. Nd4 Bd1 59. Nf5 Be2 60. c5 Kf7 61. Nh6+ Ke6 62. Nxg4 Bb5 63. h4 Kf7 64. Ne3 Kg6 65. g4 Kg7 66. Nf5+ Kg6 67. h5+ Kh7 68. Nd4 Bd7 69. c6 Bc8 70. c7 1-0

[Event "HUN-chT2 Maroczy 1213"]
[Site "Hungary"]
[Date "2013.03.03"]
[Round "8"]
[White "Mohacsi, Imre"]
[Black "Pap, Peter"]
[Result "0-1"]
[WhiteElo "2022"]
[BlackElo "2105"]
[PlyCount "98"]
[EventDate "2012.09.16"]
[EventType "team-tourn"]
[EventRounds "11"]
[EventCountry "HUN"]
[SourceTitle "EXT 2014"]
[Source "ChessBase"]
[SourceDate "2013.11.20"]
[SourceVersion "1"]
[SourceVersionDate "2013.11.20"]
[SourceQuality "1"]
[WhiteTeam "Karcag"]
[BlackTeam "Maroczy"]
[WhiteTeamCountry "HUN"]
[BlackTeamCountry "HUN"]

1. e4 c5 2. Nf3 e6 3. d4 cxd4 4. Nxd4 Nc6 5. Nc3 a6 6. Nxc6 bxc6 7. Bd3 d5 8. 0-0 Nf6 9. e5 Nd7 10. f4 Bc5+ 11. Kh1 0-0 12. Qg4 f5 13. exf6 Qxf6 14. Bd2 g6 15. Rae1 Nb6 16. Re5 Bd6 17. Rg5 e5 18. f5 e4 19. Be2 Kh8 20. Qh4 gxf5 21. g4 Qd4 22. Qh6 Qf6 23. Rh5 Ra7 24. gxf5 Be5 25. Bg5 Qxh6 26. Rxh6 Rc7 27. f6 Be6 28. Bxa6 Nd7 29. f7 Nc5 30. Bf6+ Bxf6 31. Rhxf6 Rcxf7 32. Rxf7 Rxf7 33. Rxf7 Bxf7 34. Be2 d4 35. b4 dxc3 36. bxc5 Bxa2 37. Kg1 Kg7 38. Kf2 Kf6 39. Ke3 Ke5 40. Bh5 Bb1 41. Bd1 Kd5 42. h4 Ke5 43. h5 h6 44. Kf2 Kd4 45. Ke2 Kxc5 46. Ke3 Kd5 47. Kf4 Kd4 48. Kf5 e3 49. Kg6 Bxc2+ 0-1

[Event "HUN-chT2 Maroczy 1213"]
[Site "Hungary"]
[Date "2013.02.17"]
[Round "7"]
[White "Mohacsi, Imre"]
[Black "Bors, Tamas"]
[Result "0-1"]
[WhiteElo "2022"]
[BlackElo "2283"]
[PlyCount "60"]
[EventDate "2012.09.16"]
[EventType "team-tourn"]
[EventRounds "11"]
[EventCountry "HUN"]
[SourceTitle "EXT 2014"]
[Source "ChessBase"]
[SourceDate "2013.11.20"]
[SourceVersion "1"]
[SourceVersionDate "2013.11.20"]
[SourceQuality "1"]
[WhiteTeam "Karcag"]
[BlackTeam "Taban Spartacus"]
[WhiteTeamCountry "HUN"]
[BlackTeamCountry "HUN"]

1. e4 c5 2. Nf3 Nc6 3. d4 cxd4 4. Nxd4 Qb6 5. Nb3 Nf6 6. Nc3 e6 7. Be3 Qc7 8. f4 Bb4 9. Bd3 d5 10. e5 Nd7 11. 0-0 a6 12. Na4 b5 13. Nac5 Nxc5 14. Nxc5 d4 15. Ne4 dxe3 16. Qg4 Bf8 17. Ng3 g6 18. Rad1 Bb7 19. Be4 Rd8 20. Qf3 Rxd1 21. Rxd1 Bc5 22. Kh1 h5 23. c3 h4 24. Nf1 Kf8 25. b4 Ba7 26. Rd6 e2 27. Qxe2 Qb6 28. Ne3 Qxe3 29. Qxe3 Bxe3 30. Bxc6 Bc8 0-1

[Event "HUN-chT2 Maroczy 1213"]
[Site "Hungary"]
[Date "2012.09.16"]
[Round "1"]
[White "Nemeth, Zoltan"]
[Black "Mohacsi, Imre"]
[Result "1-0"]
[WhiteElo "2333"]
[BlackElo "2022"]
[PlyCount "101"]
[EventDate "2012.09.16"]
[EventType "team-tourn"]
[EventRounds "11"]
[EventCountry "HUN"]
[SourceTitle "EXT 2014"]
[Source "ChessBase"]
[SourceDate "2013.11.20"]
[SourceVersion "1"]
[SourceVersionDate "2013.11.20"]
[SourceQuality "1"]
[WhiteTeam "Sarkany"]
[BlackTeam "Karcag"]
[WhiteTeamCountry "HUN"]
[BlackTeamCountry "HUN"]

1. Nf3 Nf6 2. g3 g6 3. c4 Bg7 4. d4 c5 5. Nc3 0-0 6. Bg2 cxd4 7. Nxd4 Nc6 8. 0-0 Ng4 9. e3 Nge5 10. b3 d6 11. Nxc6 Nxc6 12. Bb2 Rb8 13. Qe2 Bd7 14. Rac1 Re8 15. Rfd1 Qc8 16. Nd5 Bxb2 17. Qxb2 Ne5 18. c5 Bg4 19. cxd6 Qe6 20. Nxe7+ Rxe7 21. dxe7 Bxd1 22. Rxd1 Qxe7 23. Qd4 b6 24. f4 Ng4 25. e4 h5 26. h3 Nf6 27. Qd6 Re8 28. e5 Nh7 29. Bc6 Qxd6 30. Rxd6 Re7 31. Rd7 Kf8 32. h4 Rxd7 33. Bxd7 Ke7 34. Bc8 Nf8 35. Kf2 Ne6 36. Bxe6 Kxe6 37. Ke3 Kd5 38. Kd3 a5 39. a4 Kc5 40. Ke4 Kb4 41. f5 gxf5+ 42. Kxf5 Kxb3 43. Kf6 Kxa4 44. Kxf7 Kb3 45. e6 a4 46. e7 a3 47. e8Q a2 48. Qb5+ Kc2 49. Qc4+ Kb1 50. Qb3+ Ka1 51. Qc2 1-0

[Event "HUN-chT2 Toth 1112"]
[Site "Hungary"]
[Date "2012.04.22"]
[Round "9.8"]
[White "Gazsovics, Bela"]
[Black "Mohacsi, Imre"]
[Result "0-1"]
[WhiteElo "1809"]
[BlackElo "1966"]
[PlyCount "64"]
[EventDate "2011.09.25"]
[EventType "team-tourn"]
[EventRounds "11"]
[EventCountry "HUN"]
[SourceTitle "EXT 2013"]
[Source "ChessBase"]
[SourceDate "2012.11.22"]
[SourceVersion "1"]
[SourceVersionDate "2012.11.22"]
[SourceQuality "1"]
[WhiteTeam "Keviterv"]
[BlackTeam "Karcag"]
[WhiteTeamCountry "HUN"]
[BlackTeamCountry "HUN"]

1. f4 d5 2. Nf3 c5 3. e3 g6 4. Nc3 Bg7 5. Be2 Nf6 6. 0-0 0-0 7. Rb1 Nc6 8. Bb5 a6 9. Bxc6 bxc6 10. b3 Rb8 11. Ne5 Qc7 12. Ba3 d4 13. Na4 dxe3 14. dxe3 Nd5 15. Nc4 Rd8 16. Qf3 Nb4 17. Nxc5 Nxa2 18. Nd3 Nc3 19. Rbc1 Be6 20. Nce5 Bd5 21. Qf2 f6 22. Nf3 Bxb3 23. cxb3 Rxb3 24. Rxc3 Rxc3 25. Qa2+ Kh8 26. Nc5 Rd5 27. Nd4 Rxe3 28. Nce6 Qc8 29. Nc5 Rxd4 30. Bb2 Rd2 31. Qa1 Qg4 32. g3 Rxg3+ 0-1